| 000 | 01837nam a22003377a 4500 | ||
|---|---|---|---|
| 005 | 20111115114546.0 | ||
| 008 | 111115t xxu||||| |||| 00| 0 eng d | ||
| 010 | _aENG-104104-107 | ||
| 020 |
_a9788184301069 _c750.00 (v.1) |
||
| 020 |
_a9788184301076 _c750.00 (v.2) |
||
| 020 |
_a9788184301083 _c750.00 (v.3) |
||
| 020 |
_a9788184301090 _c750.00 (v.4) |
||
| 035 | _aEN-87637-640 | ||
| 037 | _bDBAD/PUB | ||
| 040 |
_aDPL _bEng |
||
| 082 | _a954.01 | ||
| 100 | _935819 | ||
| 245 | _aThe India they saw | ||
| 260 |
_aNew Delhi _bOcean Books _c2011 |
||
| 270 |
_a4/19, Asaf Ali Road _bNew Delhi _e110002 |
||
| 300 |
_a4V.(xxv,415p. ; xviii,319p.; xxiv,419p.; xxiv,xxiv,458p.) _c24cm (Hb) |
||
| 500 | _aIncludes bibliographical references and index | ||
| 505 | _av.1-Foreign accounts : 5th century BC-7th century AD ; edited by Sandhya Jain ; v.2-foreign accounts : 8th-15th centuries ; edited by Meenakshi Jain ;v.3-foreign accounts : 16th-17th centuries ; edited by Meenakshi Jain ; v.4-foreign accounts : 18th-mid 19th century ; edited by Meenakshi Jain | ||
| 700 |
_935820 _aJain, Sandhya |
||
| 700 |
_aJain,, Meenakshi _935822 |
||
| 942 |
_2ddc _cEN _h954.01 _mIND |
||
| 999 |
_c58374 _d58374 |
||